000
00290nam a22001337a 4500
008
180920b xxu||||| |||| 00| 0 eng d
020
_a
0878574670
041
_a
eng
080
_a
612.39
100
_a
10
101
_a
NUT
245
_a
Fitness for Everyone
_c
Hylton,W.H
942
_2
udc
_c
BK
999
_c
48098
_d
48098